| 000 | 00000nam 2200000zi 4500 |
| 001 | 9.954207 |
| 003 | CaOODSP |
| 005 | 20250819133015 |
| 006 | m o d f |
| 007 | cr mn||||||||| |
| 008 | 250818e20180418oncd obs f000 0 eng d |
| 040 | |aCaOODSP|beng|erda|cCaOODSP |
| 043 | |an-cn--- |
| 086 | 1 |aCS82-003/2018-4-2E-PDF |
| 100 | 1 |aBushnik, Tracey, |eauthor. |
| 245 | 10|aHealth-adjusted life expectancy in Canada / |cby Tracey Bushnik, Michael Tjepkema and Laurent Martel. |
| 264 | 1|a[Ottawa] : |bStatistics Canada = Statistique Canada, |cApril 18, 2018. |
| 264 | 4|c©2018 |
| 300 | |a1 online resource (pages 14-22) : |bgraphs. |
| 336 | |atext|btxt|2rdacontent |
| 337 | |acomputer|bc|2rdamedia |
| 338 | |aonline resource|bcr|2rdacarrier |
| 490 | 1 |aHealth reports, |x1209-1367 ; |vvol. 29, no. 4, [2] |
| 500 | |aCover title. |
| 500 | |aIssued also in French under title: L’espérance de vie ajustée sur la santé au Canada. |
| 504 | |aIncludes bibliographical references (page 21). |
| 520 | 3 |a"Over the past century, life expectancy at birth in Canada has risen substantially. However, these gains in the quantity of life say little about gains in the quality of life"--Abstract, page 14. |
| 650 | 0|aLife expectancy|xSex differences|vStatistics. |
| 650 | 0|aLife expectancy|zCanada|vStatistics. |
| 655 | 7|aStatistics|2lcgft |
| 710 | 2 |aStatistics Canada, |eissuing body. |
| 775 | 08|tL’espérance de vie ajustée sur la santé au Canada / |w(CaOODSP)9.954208 |
| 830 | #0|aHealth reports (Series)|x1209-1367 ; |vvol. 29, no. 4, [2].|w(CaOODSP)9.950253 |
| 856 | 40|qPDF|s571 KB|uhttps://publications.gc.ca/collections/collection_2025/statcan/82-003-x/CS82-003-2018-4-2-eng.pdf |
| 856 | 4 |qHTML|sN/A|uhttps://www150.statcan.gc.ca/n1/pub/82-003-x/2018004/article/54950-eng.htm |